Geographical Alliteration: North America - Statistics

General Stats
  • This quiz has been taken 40 times
  • The average score is 9 of 12
Answer Stats
Hint Letters Answer % Correct
Famous bridge connecting San Francisco and Marin County GG Golden Gate Bridge
100%
Capital city of El Salvador SS San Salvador
100%
Capital city of Haiti PaP Port-au-Prince
97%
Nickname for the flag of the United States SaS Stars and Stripes
91%
Caribbean island nation and home of limbo dancing TaT Trinidad and Tobago
91%
Capital city of Nevada CC Carson City
89%
Massachusetts peninsula and popular tourist attraction CC Cape Cod
86%
Former name for Denali MM Mount McKinley
86%
Nickname for Florida SS Sunshine State
86%
Sea to the west of Greenland BB Baffin Bay
66%
Lake and beauty spot located in Banff National Park LL Lake Louise
49%
Second-highest mountain in the Rockies MM Mount Massive
6%
No matching quizzes found
Score Distribution
Percent of People with Each Score
Percentile by Number Answered
Your Score History
You have not taken this quiz